[Event "World Blitz 2025"]
[Site "Doha QAT"]
[Date "2025.12.30"]
[Round "16.86"]
[White "Henriquez Villagra, Cristobal"]
[Black "Maksimovic, Bojan"]
[Result "1/2-1/2"]
[WhiteTitle "GM"]
[BlackTitle "GM"]
[WhiteElo "2598"]
[BlackElo "2533"]
[WhiteFideId "3409350"]
[BlackFideId "14408120"]
[EventDate "2025.12.29"]

1. e4 e6 2. d4 d5 3. e5 c5 4. c3 Nc6 5. Nf3 Bd7 6. Be2 f6 7. O-O fxe5 8. Nxe5
cxd4 9. Nxc6 bxc6 10. cxd4 Qf6 11. b3 Nh6 12. Bd3 Nf7 13. Be3 Bd6 14. Nd2 e5 15.
dxe5 Nxe5 16. Be2 O-O 17. Rc1 Qh4 18. g3 Qh3 19. f4 Ng4 20. Bxg4 Bxg4 21. Qc2
Rae8 22. Rce1 Qh6 23. Bc5 Bf5 24. Qc3 a6 25. Nf3 Be4 26. Bxd6 Qxd6 27. Ne5 c5
28. Qd2 Rd8 29. h4 Qc7 30. Kh2 h6 31. Rf2 Bf5 32. g4 Be4 33. g5 Rd6 34. Kg3 Re6
35. Qc3 Kh8 36. Qb2 Qe7 37. Re3 Rf5 38. Rfe2 Kg8 39. Rxe4 dxe4 40. Rxe4 hxg5 41.
hxg5 Qd6 42. Qc2 Qd5 43. Re3 Rf8 44. Re2 Qd4 45. Qe4 Qxe4 46. Rxe4 Rd6 47. Rc4
Rd2 48. Rxc5 Rxa2 49. Ng6 Re8 50. Rc7 Ra3 51. Rb7 a5 52. Kg4 a4 53. bxa4 Rxa4
54. Ne7+ Kf8 55. Ng6+ Kg8 56. Ne7+ Kf8 57. Ng6+ Kg8 58. Ne7+ 1/2-1/2

[Event "World Blitz 2025"]
[Site "Doha QAT"]
[Date "2025.12.30"]
[Round "16.87"]
[White "Yilmaz, Mustafa"]
[Black "Droin, Augustin"]
[Result "0-1"]
[WhiteTitle "GM"]
[BlackTitle "IM"]
[WhiteElo "2595"]
[BlackElo "2480"]
[WhiteFideId "6302718"]
[BlackFideId "45105987"]
[EventDate "2025.12.29"]

1. d4 d5 2. c4 e6 3. Nc3 c6 4. e3 Nd7 5. Nf3 f5 6. Be2 Bd6 7. O-O Nh6 8. a4 a5
9. b3 Qe7 10. Bb2 O-O 11. Qc1 Nf7 12. Ba3 b6 13. cxd5 exd5 14. Bxd6 Nxd6 15. Qa3
Bb7 16. b4 Nc4 17. Bxc4 axb4 18. Qb3 dxc4 19. Qxc4+ Kh8 20. Ne2 Ba6 21. Qc2 f4
22. Rae1 fxe3 23. Qxc6 Rac8 24. Qd5 Rc2 25. fxe3 Rxe2 26. Ng5 Qxe3+ 27. Kh1 Rxe1 0-1

[Event "World Blitz 2025"]
[Site "Doha QAT"]
[Date "2025.12.30"]
[Round "16.88"]
[White "Ibarra Jerez, Jose Carlos"]
[Black "Smirnov, Mark"]
[Result "0-1"]
[WhiteTitle "GM"]
[BlackTitle "FM"]
[WhiteElo "2532"]
[BlackElo "2420"]
[WhiteFideId "2226332"]
[BlackFideId "13764594"]
[EventDate "2025.12.29"]

1. e4 e5 2. Nf3 Nc6 3. Nc3 Nf6 4. Nd5 Bd6 5. Bc4 O-O 6. d3 Nxd5 7. Bxd5 Ne7 8.
Bb3 h6 9. Nh4 Bc5 10. Qh5 d5 11. O-O Qd6 12. Kh1 dxe4 13. dxe4 Be6 14. f4 Bxb3
15. axb3 exf4 16. Bxf4 Qc6 17. Be5 f6 18. Bc3 Bd6 19. Rae1 Qc5 20. Qg4 Qg5 21.
Qe6+ Kh7 22. Nf3 Qg6 23. Qc4 Nc6 24. b4 a6 25. b5 axb5 26. Qxb5 Rab8 27. g3 Rfe8
28. Nh4 Qg4 29. Nf5 Rxe4 30. Qd3 Rxe1 31. Rxe1 Qg6 32. Kg2 Rd8 33. Qe4 Be5 34.
Bxe5 Rd2+ 35. Re2 Rxe2+ 36. Qxe2 Nxe5 37. Qe4 c6 38. h3 Kh8 39. g4 Qf7 40. Qd4
Qc4 41. Qd8+ Kh7 42. Qd2 Qe4+ 43. Kg3 Qf3+ 44. Kh2 Qxf5 0-1

[Event "World Blitz 2025"]
[Site "Doha QAT"]
[Date "2025.12.30"]
[Round "16.89"]
[White "Haug, Havard"]
[Black "Chasin, Nico"]
[Result "0-1"]
[WhiteTitle "FM"]
[BlackTitle "IM"]
[WhiteElo "2416"]
[BlackElo "2517"]
[WhiteFideId "1547887"]
[BlackFideId "30908477"]
[EventDate "2025.12.29"]

1. e4 a6 2. d4 e6 3. Nf3 d5 4. exd5 exd5 5. Bf4 Bd6 6. Bxd6 Qxd6 7. h3 Bf5 8. c3
Nc6 9. Be2 Nf6 10. Nbd2 O-O 11. O-O Rfe8 12. Re1 h6 13. Nf1 Ne4 14. Bd3 Bg6 15.
Qc2 Re7 16. Re2 Rae8 17. Rae1 Kf8 18. Nh4 Bh7 19. Nd2 Nxc3 20. Rxe7 Rxe7 21.
Rxe7 Qxe7 22. bxc3 Bxd3 23. Qxd3 Qxh4 24. Qf5 Qd8 25. Qh7 Ne7 26. Nf3 Qd6 27.
Ne5 Ng6 28. Nxg6+ Qxg6 29. Qh8+ Ke7 30. Qc8 Qc6 31. g3 a5 32. Qf5 Qe6 33. Qf4
Kd7 34. h4 Qe1+ 35. Kh2 Qe6 36. Qd2 Kc6 37. a4 Qf5 38. Qe2 b6 39. Kg1 Kd7 40.
Qb5+ Kd8 41. Qc6 Qd7 42. Qa8+ Ke7 43. Qg8 Kf6 44. Qb8 Kg6 45. Qb7 h5 46. Qb8 Qc6
47. Qd8 Kh7 48. Qg5 g6 49. Qe7 Kg8 50. Qd8+ Kg7 51. Kg2 Qc4 52. Qe7 Qxc3 53.
Qe5+ Kh7 54. Qxd5 Kg8 55. Qd8+ Kg7 56. Qd5 Qe1 57. Qd7 Qe4+ 58. Kg1 c5 59. d5 c4
60. Qc6 Qe1+ 61. Kg2 Qe4+ 62. Kh2 Qf3 63. Qxc4 Qxf2+ 64. Kh3 Qf3 65. Qd4+ Kf8
66. Kh2 Qe2+ 67. Kg1 Qe1+ 68. Kg2 Qb4 69. Qe5 Qd2+ 70. Kh3 Qd3 71. Qb8+ Kg7 72.
Qe5+ Kh7 73. d6 Qd1 74. Kg2 Qxa4 75. Qe7 Qc2+ 76. Kf3 Qd1+ 77. Ke4 Qh1+ 78. Ke5
Qe1+ 79. Kd5 Qd2+ 80. Kc6 Qg2+ 81. Kxb6 Qb2+ 82. Kxa5 Qa3+ 83. Kb6 Qb4+ 84. Kc7
Qc3+ 85. Kd7 Kg7 86. Kd8 Qxg3 87. Qc7 Qxh4+ 88. Kc8 Qa4 89. d7 Qa8+ 90. Qb8 Qc6+
91. Kd8 Qf6+ 92. Kc7 Qe5+ 93. Kb7 Qb5+ 94. Kc8 Qc6+ 95. Qc7 Qa8+ 96. Qb8 Qc6+
97. Kd8 h4 98. Qe5+ f6 99. Qe7+ Kh6 100. Ke8 h3 101. Qe3+ Kg7 102. Qe7+ Kh6 103.
Kf8 h2 104. Qe3+ g5 105. Qh3+ Kg6 106. d8=Q h1=Q 107. Qhd3+ Qhe4 108. Qd2 Qc5+
109. Kg8 Qe6+ 110. Kh8 Qcf5 111. Qh2 Qh3+ 112. Qxh3 Qxh3+ 0-1

[Event "World Blitz 2025"]
[Site "Doha QAT"]
[Date "2025.12.30"]
[Round "16.90"]
[White "Samadov, Read"]
[Black "Kadric, Denis"]
[Result "0-1"]
[WhiteTitle "IM"]
[BlackTitle "GM"]
[WhiteElo "2510"]
[BlackElo "2543"]
[WhiteFideId "13417444"]
[BlackFideId "14403803"]
[EventDate "2025.12.29"]

1. Nf3 d6 2. d4 Nf6 3. c4 g6 4. Nc3 Bf5 5. Qb3 b6 6. h3 Bg7 7. g4 Bc8 8. Bg2 Bb7
9. O-O O-O 10. Rd1 a6 11. Bf4 Nbd7 12. Rac1 c5 13. Bg3 Ne4 14. Nxe4 Bxe4 15. Qe3
Bb7 16. b3 cxd4 17. Nxd4 Bxg2 18. Kxg2 Rc8 19. h4 Ne5 20. Bxe5 Bxe5 21. Nf3 Bg7
22. h5 Qd7 23. Qe4 gxh5 24. Ng5 Qxg4+ 25. Qxg4 hxg4 26. Rh1 h6 27. Ne4 f5 28.
Ng3 Rc5 29. Rh5 f4 30. Rxc5 bxc5 31. Ne4 f3+ 32. exf3 gxf3+ 33. Kh3 Rf4 34. Re1
Be5 35. Re3 Bd4 36. Re1 Rf7 37. Kg4 Kg7 38. Rg1 Kg6 39. Rg3 Be5 40. Rh3 Rf4+ 0-1

[Event "World Blitz 2025"]
[Site "Doha QAT"]
[Date "2025.12.30"]
[Round "16.91"]
[White "Dlugy, Maxim"]
[Black "Raja, Harshit"]
[Result "1-0"]
[WhiteTitle "GM"]
[BlackTitle "GM"]
[WhiteElo "2502"]
[BlackElo "2472"]
[WhiteFideId "2000075"]
[BlackFideId "5089000"]
[EventDate "2025.12.29"]

1. d4 Nf6 2. Bf4 g6 3. Nc3 d5 4. e3 Bg7 5. h4 h5 6. Nf3 O-O 7. Ne5 c5 8. Qd2 Nc6
9. dxc5 Qa5 10. Nxc6 bxc6 11. a3 Qd8 12. b4 a5 13. Rd1 axb4 14. axb4 Ra3 15. Be2
Bf5 16. O-O Qc8 17. Bd3 Ne4 18. Nxe4 dxe4 19. Bc4 Bc3 20. Qc1 Ra4 21. Bb3 Rxb4
22. Qa3 Rxb3 23. cxb3 Qb7 24. Rc1 Bd2 25. Rc2 Bb4 26. Qb2 f6 27. Rd1 Be6 28. Qd4
Bxb3 29. Rb1 Bxc2 30. Qc4+ Kg7 31. Rxb4 Bd3 32. Rxb7 Bxc4 33. Rxe7+ Rf7 34. Rxe4
Bd5 35. Re8 Rb7 36. f3 Kf7 37. Rc8 Rb1+ 38. Kh2 Rb2 39. Rc7+ Ke8 40. e4 Bc4 41.
Kg1 Rb1+ 42. Kf2 Rb2+ 43. Ke3 Rxg2 44. Rxc6 g5 45. hxg5 fxg5 46. Be5 h4 47. Rh6
Kd7 48. c6+ Ke7 49. c7 1-0

[Event "World Blitz 2025"]
[Site "Doha QAT"]
[Date "2025.12.30"]
[Round "16.92"]
[White "Motylev, Alexander"]
[Black "Iniyan, Pa"]
[Result "1/2-1/2"]
[WhiteTitle "GM"]
[BlackTitle "GM"]
[WhiteElo "2573"]
[BlackElo "2598"]
[WhiteFideId "4121830"]
[BlackFideId "25002767"]
[EventDate "2025.12.29"]

1. d4 Nf6 2. g3 c5 3. d5 b5 4. a4 b4 5. c4 e6 6. Bg2 exd5 7. cxd5 d6 8. Nd2 Nbd7
9. Nc4 a5 10. Nf3 Nb6 11. Nxb6 Qxb6 12. O-O g6 13. Nd2 Ba6 14. b3 Bg7 15. Bb2
O-O 16. Re1 Nd7 17. Bxg7 Kxg7 18. Qc2 Rfe8 19. Qb2+ f6 20. Nc4 Bxc4 21. bxc4 b3
22. Rec1 Qb4 23. Ra3 Rab8 24. e3 Nb6 25. Rxb3 Nxa4 26. Rxb4 Nxb2 27. Rxb8 Rxb8
28. Bf1 Rb4 29. Ra1 a4 30. Rc1 a3 31. Ra1 Rb3 32. Be2 Rc3 33. Kf1 f5 34. Ke1
Nxc4 35. Bxc4 Rxc4 36. Rxa3 Kf6 37. f4 Rc1+ 38. Kd2 Rh1 39. h4 Rh3 40. Ra6 Ke7
41. Ra7+ Ke8 42. Rxh7 Rxg3 43. h5 Rg2+ 44. Kd3 Rg3 45. Ke2 c4 46. Kf2 Rg4 47.
hxg6 Rxg6 48. Rc7 Rh6 49. Rxc4 Rh2+ 50. Ke1 Rh1+ 51. Kd2 Rh2+ 52. Kd3 Rh1 53.
Rc6 Kd7 54. Ra6 Rd1+ 55. Kc4 Rc1+ 56. Kd4 Rd1+ 57. Kc4 Rc1+ 58. Kb4 Rb1+ 59. Ka5
Rd1 60. Ra7+ Ke8 61. Kb6 Rxd5 62. Kc6 Rd3 63. Ra5 Ke7 64. Rxf5 Rxe3 65. Kd5 Rc3
66. Ke4 Ke6 67. Ra5 Rc4+ 68. Ke3 d5 69. Rb5 Re4+ 70. Kf3 Ra4 71. Ke3 Ra1 72. Rc5
Re1+ 73. Kf3 Kd6 74. Ra5 Kc6 75. Kf2 Re8 76. Kf3 Re1 77. Kf2 Re4 78. Kf3 Re1 79.
Kf2 1/2-1/2

[Event "World Blitz 2025"]
[Site "Doha QAT"]
[Date "2025.12.30"]
[Round "16.93"]
[White "Materia, Marco"]
[Black "Sankalp, Gupta"]
[Result "0-1"]
[WhiteTitle "IM"]
[BlackTitle "GM"]
[WhiteElo "2497"]
[BlackElo "2557"]
[WhiteFideId "45150451"]
[BlackFideId "5097010"]
[EventDate "2025.12.29"]

1. d4 Nf6 2. c4 e6 3. Nf3 d5 4. g3 Be7 5. Bg2 O-O 6. O-O a5 7. Qc2 Nc6 8. a3 a4
9. cxd5 exd5 10. Nc3 Bd7 11. Bf4 Qc8 12. Rad1 Bf5 13. Qc1 h6 14. Ne5 Qe6 15. e4
Nxe4 16. Nxe4 Nxe5 17. Bxe5 Bxe4 18. Bxe4 dxe4 19. Qxc7 Rac8 20. Qxb7 f5 21. Bf4
Bd6 22. Qa6 Rfd8 23. d5 Qf6 24. Bxd6 Qxd6 25. Qxa4 Qe5 26. b4 e3 27. fxe3 Qxe3+
28. Rf2 f4 29. gxf4 Rd6 30. f5 Rc4 31. Qb5 Rg4+ 32. Kf1 Qh3+ 33. Ke2 Re4+ 34.
Kd2 Qe3+ 35. Kc2 Qxf2+ 36. Rd2 Qxf5 37. Kb3 Re3+ 38. Ka4 Kh7 39. Qc5 Qe5 40. b5
Rd8 41. Qc2+ Re4+ 42. Kb3 Rxd5 43. a4 Rxd2 44. Qxd2 Qe6+ 45. Ka3 Qc4 46. Qd1
Re3+ 47. Kb2 Qc3+ 48. Ka2 Qa3+ 49. Kb1 Rb3+ 0-1

[Event "World Blitz 2025"]
[Site "Doha QAT"]
[Date "2025.12.30"]
[Round "16.94"]
[White "Ohanyan, Emin"]
[Black "Rodrigue-Lemieux, Shawn"]
[Result "0-1"]
[WhiteTitle "GM"]
[BlackTitle "GM"]
[WhiteElo "2493"]
[BlackElo "2517"]
[WhiteFideId "13312022"]
[BlackFideId "2620049"]
[EventDate "2025.12.29"]

1. d4 Nf6 2. Nf3 g6 3. Nc3 d5 4. Bf4 Bg7 5. e3 O-O 6. Be2 Bg4 7. Ne5 Bxe2 8.
Qxe2 Nbd7 9. h4 h5 10. O-O-O e6 11. f3 c5 12. g4 cxd4 13. exd4 Rc8 14. Bg5 Rxc3
15. bxc3 Qa5 16. Bxf6 Nxf6 17. g5 Ne8 18. c4 Nd6 19. c5 Bxe5 20. cxd6 Qa3+ 21.
Kd2 Bxd4 22. Qd3 Qa5+ 23. Ke2 Be5 24. Rb1 b6 25. d7 Rd8 26. Rhd1 Qa4 27. Qb3
Qxh4 28. Qb5 Qxg5 29. Rg1 Qe7 30. c4 Rxd7 31. Rbd1 Rc7 32. cxd5 Rc5 33. Qb1 exd5
34. Kf1 Qf6 35. Rd3 Qf4 36. Qb3 Rc1+ 37. Rd1 Rc3 38. Rxg6+ fxg6 39. Qxd5+ Kh7
40. Qxe5 Qxe5 0-1

[Event "World Blitz 2025"]
[Site "Doha QAT"]
[Date "2025.12.30"]
[Round "16.95"]
[White "Piliposyan, Robert"]
[Black "Suyarov, Mukhammadzokhid"]
[Result "0-1"]
[WhiteTitle "IM"]
[BlackTitle "IM"]
[WhiteElo "2442"]
[BlackElo "2454"]
[WhiteFideId "13309978"]
[BlackFideId "14210495"]
[EventDate "2025.12.29"]

1. d4 e6 2. c4 d5 3. Nf3 Nf6 4. Nc3 c6 5. Bg5 h6 6. Bxf6 Qxf6 7. e3 Nd7 8. Be2
g6 9. O-O dxc4 10. Nd2 Bg7 11. Nxc4 Qe7 12. f4 O-O 13. Bf3 Rd8 14. Qe2 Nb6 15.
Rfd1 Bd7 16. a4 Qb4 17. Ne5 a5 18. Nd3 Qe7 19. Nc5 Be8 20. Qc2 Nd5 21. Qe2 Nxf4
22. Qf2 Nd5 23. Rac1 Rac8 24. N3e4 b6 25. Nb3 c5 26. Ra1 cxd4 27. Nxd4 Nb4 28.
Nc3 f5 29. Ndb5 Bf7 30. e4 Nd3 31. Qxb6 Rb8 32. Qxa5 Qc5+ 0-1

[Event "World Blitz 2025"]
[Site "Doha QAT"]
[Date "2025.12.30"]
[Round "16.96"]
[White "Suleimen, Ergali"]
[Black "Vetokhin, Savva"]
[Result "1-0"]
[WhiteTitle "IM"]
[BlackTitle "GM"]
[WhiteElo "2419"]
[BlackElo "2572"]
[WhiteFideId "13724452"]
[BlackFideId "44144474"]
[EventDate "2025.12.29"]

1. e4 c5 2. Nf3 Nc6 3. d4 cxd4 4. Nxd4 e5 5. Nb5 d6 6. c4 g6 7. N1c3 a6 8. Na3
Be6 9. Be2 Rc8 10. O-O Nf6 11. Be3 Bg7 12. Nc2 O-O 13. f3 Nh5 14. Qd2 Nf4 15.
Rfd1 Na5 16. b3 b5 17. Nd5 Bxd5 18. cxd5 f5 19. Bf1 fxe4 20. fxe4 Nb7 21. Nb4
Qd7 22. Rac1 Nc5 23. Bxc5 dxc5 24. Nc6 Qd6 25. Qe3 Bh6 26. Kh1 c4 27. bxc4 bxc4
28. Rxc4 Kg7 29. Qc3 Rce8 30. Na5 Qf6 31. Rc6 Qg5 32. Rc7+ Kh8 33. Nc4 Qh5 34.
Qf3 Qg5 35. Nd6 Re7 36. Rxe7 Qxe7 37. Qa3 Nh5 38. Nc4 Qh4 39. Qh3 Qf2 40. Qd3
Bf4 41. d6 Qh4 42. Qh3 Qf2 43. d7 Bg5 44. Qd3 Nf4 45. Qf3 Qc5 46. Qa3 Ne6 47.
Qxc5 Nxc5 48. Nxe5 Nxe4 49. Re1 Nc5 50. Bc4 Kg7 51. Rd1 Bd8 52. Nc6 h5 53. g3
Ne4 54. Kg2 Rf2+ 55. Kg1 Rf8 56. Nxd8 Rxd8 57. Bxa6 Nc3 58. Rd2 Ne4 59. Rd4 Nc3
60. a4 Kf6 61. Bc8 Ke5 62. Rc4 Ne2+ 63. Kf2 Nd4 64. a5 Rf8+ 65. Ke1 Ke4 66. a6 1-0

[Event "World Blitz 2025"]
[Site "Doha QAT"]
[Date "2025.12.30"]
[Round "16.69"]
[White "Suleymenov, Alisher"]
[Black "Gavrilescu, David"]
[Result "0-1"]
[WhiteTitle "GM"]
[BlackTitle "GM"]
[WhiteElo "2505"]
[BlackElo "2542"]
[WhiteFideId "13707833"]
[BlackFideId "1227190"]
[EventDate "2025.12.29"]

1. d4 d5 2. c4 e6 3. Nc3 c6 4. e3 Nf6 5. Nf3 Nbd7 6. Be2 Bd6 7. O-O O-O 8. b3 e5
9. dxe5 Nxe5 10. cxd5 cxd5 11. Bb2 Be6 12. Nb5 Nxf3+ 13. Bxf3 Bb8 14. Rc1 a6 15.
Nd4 Re8 16. Nxe6 fxe6 17. g3 Bd6 18. Qd3 Rf8 19. Rc2 Qe7 20. Rfc1 Rad8 21. Bg2
Qf7 22. h3 h5 23. Qd4 Nd7 24. Qh4 Ne5 25. Bxe5 Bxe5 26. Qa4 Qf6 27. h4 Rf7 28.
Qa5 Rdf8 29. Rd1 Qg6 30. Rdd2 Bxg3 31. fxg3 Qxg3 32. Rd1 Rf2 33. Rxf2 Rxf2 34.
Qd8+ Kh7 0-1

[Event "World Blitz 2025"]
[Site "Doha QAT"]
[Date "2025.12.30"]
[Round "16.70"]
[White "Wafa, Hamed"]
[Black "Tin, Jingyao"]
[Result "0-1"]
[WhiteTitle "IM"]
[BlackTitle "GM"]
[WhiteElo "2373"]
[BlackElo "2584"]
[WhiteFideId "10628452"]
[BlackFideId "5804418"]
[EventDate "2025.12.29"]

1. e4 e5 2. Nf3 Nc6 3. Bc4 Bc5 4. c3 Nf6 5. d3 d6 6. O-O h6 7. Re1 a5 8. Nbd2
O-O 9. Nf1 Be6 10. Bb5 Bb6 11. Ng3 Ne7 12. d4 c6 13. Bd3 Ng6 14. h3 Re8 15. Bc2
Bc7 16. Be3 d5 17. dxe5 Nxe4 18. Nxe4 dxe4 19. Bxe4 Qxd1 20. Rexd1 Nxe5 21. Nxe5
Bxe5 22. Rd2 a4 23. a3 Bb3 24. Bf3 Rad8 25. Re1 Bf6 26. Ree2 Bg5 27. Rxd8 Rxd8
28. Bxg5 hxg5 29. Re7 Rd2 30. Re2 Rd7 31. Bg4 Rd1+ 32. Kh2 Kf8 33. Kg3 g6 34.
Bc8 b6 35. h4 Rd3+ 36. f3 gxh4+ 37. Kxh4 Bd1 38. Rf2 c5 39. Bb7 Bb3 40. Be4 Rd1
41. Kg5 Kg7 42. Kf4 Kf6 43. g4 g5+ 44. Ke3 Ke5 45. Rh2 Re1+ 46. Kd2 Rg1 47. Ke3
Bc4 48. Rh6 Rg2 49. Bd3 Bxd3 50. Kxd3 Rxb2 51. Kc4 Rb3 52. Rc6 f6 53. Rc7 Kf4
54. Ra7 b5+ 55. Kxc5 Kxf3 56. c4 bxc4 57. Rxa4 c3 58. Kd4 c2 59. Rc4 Rxa3 60.
Rxc2 Kxg4 61. Ke4 f5+ 62. Ke5 Re3+ 63. Kd4 f4 64. Rg2+ Kf5 0-1

[Event "World Blitz 2025"]
[Site "Doha QAT"]
[Date "2025.12.30"]
[Round "16.71"]
[White "Zhang, Zhong"]
[Black "Siddharth, Jagadeesh"]
[Result "0-1"]
[WhiteTitle "GM"]
[BlackTitle "GM"]
[WhiteElo "2561"]
[BlackElo "2489"]
[WhiteFideId "8600694"]
[BlackFideId "5818320"]
[EventDate "2025.12.29"]

1. e4 d6 2. d4 Nf6 3. Nc3 e5 4. Nf3 Nbd7 5. Bc4 Be7 6. O-O O-O 7. Re1 c6 8. a4
h6 9. b3 Re8 10. h3 exd4 11. Nxd4 Ne5 12. Bf1 Ng6 13. Bb2 Qa5 14. Qf3 Bd8 15.
Rad1 Bb6 16. Nde2 Qc5 17. g3 Ne5 18. Qg2 Bxh3 19. Qxh3 Qxf2+ 20. Kh1 Nf3 21. a5
Bc5 22. Na4 Nxe1 23. Nxc5 dxc5 24. Bxf6 gxf6 25. Nf4 Qf3+ 26. Kg1 Qxd1 27. Qxh6
Qg4 28. Nh5 Re6 29. Bc4 Qg5 0-1

[Event "World Blitz 2025"]
[Site "Doha QAT"]
[Date "2025.12.30"]
[Round "16.72"]
[White "Krallis, Christos"]
[Black "Dardha, Daniel"]
[Result "0-1"]
[WhiteTitle "IM"]
[BlackTitle "GM"]
[WhiteElo "2416"]
[BlackElo "2603"]
[WhiteFideId "4298896"]
[BlackFideId "240990"]
[EventDate "2025.12.29"]

1. e4 c5 2. Nf3 d6 3. d4 cxd4 4. Nxd4 Nf6 5. Nc3 Nc6 6. Bc4 Bd7 7. Bb3 Rc8 8.
O-O g6 9. Be3 Bg7 10. f3 O-O 11. Qd2 Re8 12. Rad1 Na5 13. Bh6 Bh8 14. Kh1 Nc4
15. Bxc4 Rxc4 16. Qe2 Qc8 17. Qe3 b5 18. Ndxb5 Bxb5 19. Nxb5 Rxc2 20. Rc1 Qc4
21. Nc3 Rxb2 22. Qxa7 Rc2 23. Qe3 Rc8 24. Ne2 Qxa2 25. Nd4 R2c4 26. Nf5 Re8 27.
Rb1 Rcc8 28. Rb7 Qe6 29. Rfb1 Nh5 30. Qg5 Bf6 31. Qg4 Kh8 32. Bd2 gxf5 33. Qxh5
fxe4 34. fxe4 Qxe4 35. Qxf7 Rg8 36. Rg1 Qxb7 0-1

[Event "World Blitz 2025"]
[Site "Doha QAT"]
[Date "2025.12.30"]
[Round "16.73"]
[White "Kobalia, Mikhail"]
[Black "Christiansen, Johan-Sebastian"]
[Result "1-0"]
[WhiteTitle "GM"]
[BlackTitle "GM"]
[WhiteElo "2537"]
[BlackElo "2655"]
[WhiteFideId "4119150"]
[BlackFideId "1512668"]
[EventDate "2025.12.29"]

1. e4 e5 2. Nf3 Nc6 3. Bb5 f5 4. Nc3 fxe4 5. Nxe4 d5 6. Nxe5 dxe4 7. Nxc6 Qd5 8.
c4 Qd6 9. Nxa7+ Bd7 10. Bxd7+ Qxd7 11. Nb5 Nf6 12. O-O c6 13. Nc3 Bc5 14. b4
Bxb4 15. Qc2 Qd4 16. Qb3 Bc5 17. Bb2 Qxd2 18. Na4 Rxa4 19. Qxa4 Qxb2 20. Rab1
Qd4 21. Rbd1 Qe5 22. Qa8+ Kf7 23. Qxh8 Kg6 24. Qc8 h5 25. Qh3 Kh7 26. Qg3 Qb2
27. Qg5 b6 28. Qf5+ Kh6 29. Qf4+ Kh7 30. h3 Qxa2 31. Rc1 Qb3 32. Rfe1 Qa3 33.
Rb1 Qd3 34. Rbc1 Qd4 35. Red1 Qb2 36. Qd2 Qb3 37. Rc3 Qa4 38. Qc2 Qa5 39. Rb3
Qa4 40. Re1 Qa5 41. Rxe4 Nxe4 42. Qxe4+ Kh6 43. Qf4+ Kh7 44. Qf5+ Kh6 45. Rg3
Qa1+ 46. Kh2 Qf6 1-0

[Event "World Blitz 2025"]
[Site "Doha QAT"]
[Date "2025.12.30"]
[Round "16.74"]
[White "Urkedal, Frode Olav Olsen"]
[Black "Donchenko, Alexander"]
[Result "0-1"]
[WhiteTitle "GM"]
[BlackTitle "GM"]
[WhiteElo "2568"]
[BlackElo "2661"]
[WhiteFideId "1506102"]
[BlackFideId "24603295"]
[EventDate "2025.12.29"]

1. d4 e6 2. c4 c5 3. d5 exd5 4. cxd5 g6 5. Nc3 Bg7 6. e4 d6 7. Nf3 a6 8. a4 Nd7
9. Be2 Ngf6 10. Nd2 O-O 11. O-O Re8 12. h3 Rb8 13. a5 Qc7 14. Qc2 b5 15. axb6
Nxb6 16. Rd1 c4 17. Nf3 Nbd7 18. Nd4 Bb7 19. Ra4 Nc5 20. Rxc4 a5 21. Ndb5 Qd7
22. Bf4 Ba6 23. Nxd6 Bxc4 24. Nxe8 Bb3 25. Nxf6+ Bxf6 26. Qc1 Bxd1 27. Bxb8 Bxe2
28. Nxe2 Nxe4 29. Qc6 Qf5 30. Ba7 Bxb2 31. Ng3 Nxg3 32. fxg3 Be5 33. Bf2 Qe4 34.
Qe8+ Kg7 35. Qe7 Qxd5 36. Kh2 a4 37. Bc5 h5 38. Qf8+ Kh7 39. Be7 Qb3 40. Bh4 a3 0-1

[Event "World Blitz 2025"]
[Site "Doha QAT"]
[Date "2025.12.30"]
[Round "16.75"]
[White "Harikrishnan, A. Ra"]
[Black "Petrov, Nikita"]
[Result "1/2-1/2"]
[WhiteTitle "GM"]
[BlackTitle "GM"]
[WhiteElo "2531"]
[BlackElo "2578"]
[WhiteFideId "5081483"]
[BlackFideId "4101286"]
[EventDate "2025.12.29"]

1. d4 Nf6 2. Nf3 d5 3. c3 a5 4. Bf4 Bf5 5. e3 e6 6. Qb3 Qc8 7. Nbd2 Nbd7 8. Nh4
a4 9. Qd1 Be4 10. Nhf3 Bg6 11. Ne5 Nxe5 12. Bxe5 Nd7 13. Bg3 Be7 14. Bb5 a3 15.
b4 O-O 16. O-O c6 17. Be2 b6 18. Rc1 b5 19. Nb3 Nb6 20. Nc5 Nc4 21. Bd3 Bxc5 22.
Bxc4 bxc4 23. dxc5 Bd3 24. Re1 f6 25. Bd6 Re8 26. Qh5 e5 27. Rcd1 Qe6 28. f3 h6
29. Qh4 Kh7 30. Qf2 g5 31. e4 Rg8 32. exd5 Qxd5 33. Qe3 Rae8 34. Rxd3 cxd3 35.
Qe4+ Kg7 36. Rd1 Qxa2 37. Qxd3 Qb3 38. Ra1 a2 39. Qd1 Qc4 40. Bc7 Ra8 41. Ba5
Rxa5 42. bxa5 Qxc5+ 43. Kh1 Qxa5 44. Qd7+ Kg6 45. Qd3+ Kg7 46. Qd7+ Kg6 47. Qd3+
e4 48. Qxe4+ Qf5 49. Qxf5+ Kxf5 50. Rxa2 Rd8 51. Kg1 Rd3 52. Ra5+ Ke6 53. Rc5
Kd6 54. Rf5 Ke6 55. Rc5 Kd6 56. Rf5 Ke6 57. Rc5 1/2-1/2

[Event "World Blitz 2025"]
[Site "Doha QAT"]
[Date "2025.12.30"]
[Round "16.76"]
[White "Idani, Pouya"]
[Black "Sklokin, Sergey"]
[Result "1-0"]
[WhiteTitle "GM"]
[BlackTitle "FM"]
[WhiteElo "2611"]
[BlackElo "2407"]
[WhiteFideId "12510130"]
[BlackFideId "55730230"]
[EventDate "2025.12.29"]

1. e4 c6 2. d4 d5 3. exd5 cxd5 4. Bd3 Nf6 5. h3 Nc6 6. c3 g6 7. Bf4 Bf5 8. Be2
Bg7 9. Nf3 O-O 10. O-O Nd7 11. Nbd2 e5 12. dxe5 Ndxe5 13. Nxe5 Nxe5 14. Nf3 Nc6
15. Qb3 Qe7 16. Rfe1 Be6 17. Rad1 d4 18. Qa4 dxc3 19. Bd6 Qf6 20. Bxf8 Rxf8 21.
bxc3 Qxc3 22. Rb1 Qa5 23. Bb5 Qxa4 24. Bxa4 Na5 25. Re2 b6 26. Rc1 h6 27. Rc7 a6
28. Bd7 Bc4 29. Rc2 Bd5 30. Rc8 Rxc8 31. Bxc8 Bc4 32. Nd2 Bd3 33. Rc7 Be5 34.
Ra7 Nc6 35. Ra8 Kg7 36. Bxa6 b5 37. a4 Nd4 38. axb5 Bxb5 39. Bxb5 Nxb5 40. Ra5
Bc3 41. Rxb5 Bxd2 42. Kf1 h5 43. Ke2 Bf4 44. Kf3 Bd6 45. Ke4 Bh2 46. g3 h4 47.
gxh4 Kh6 48. Rb7 f5+ 49. Kf3 Be5 50. Re7 Bf6 51. Re6 Bxh4 52. Kg2 Bg5 53. Kg3
Bd2 54. Re8 Bc1 55. Kf3 Bd2 56. h4 Bc3 57. Rc8 Bf6 58. Kg3 Be5+ 59. Kh3 Bd4 60.
f3 Be5 61. Rc5 Bd6 62. Rc8 Be5 63. Rd8 Bc7 64. Rd7 Be5 65. Kg2 Bf6 66. Kg3 Be5+
67. f4 Bb2 68. h5 gxh5 69. Rd6+ Kg7 70. Kh4 Bc1 71. Kg5 h4 72. Rd7+ Kg8 73. Kxf5
Be3 74. Kg6 Kf8 75. f5 Ke8 76. Rh7 Bf2 77. f6 Bc5 78. Rxh4 1-0

[Event "World Blitz 2025"]
[Site "Doha QAT"]
[Date "2025.12.30"]
[Round "16.97"]
[White "Begmuratov, Khumoyun"]
[Black "Akobian, Varuzhan"]
[Result "1-0"]
[WhiteTitle "IM"]
[BlackTitle "GM"]
[WhiteElo "2451"]
[BlackElo "2549"]
[WhiteFideId "14210207"]
[BlackFideId "13300580"]
[EventDate "2025.12.29"]

1. e4 e6 2. d4 d5 3. Nc3 Bb4 4. e5 c5 5. a3 Bxc3+ 6. bxc3 Nc6 7. Nf3 Qa5 8. Bd2
c4 9. h4 Nge7 10. h5 h6 11. g4 Bd7 12. Be2 O-O-O 13. Qc1 Rdf8 14. Nh4 g5 15.
hxg6 fxg6 16. a4 g5 17. Ng2 Ng6 18. Rh3 Rf7 19. Qa3 Qd8 20. a5 Qf8 21. Qxf8+
Rfxf8 22. f3 a6 23. Kf2 Nd8 24. Rah1 Nf7 25. Kg3 Ba4 26. Bd1 Kc7 27. f4 gxf4+
28. Nxf4 Nxf4 29. Bxf4 b6 30. axb6+ Kxb6 31. Bxh6 Nxh6 32. Rxh6 Rxh6 33. Rxh6
Bd7 34. g5 a5 35. Bg4 Re8 36. g6 1-0